Wszystkie kraje pod kontrolą Szwecji - Statystyki

Ogólne statystyki
  • Ten quiz został rozwiązany 163 razy
  • Średni wynik to 9 z 13
Statystyki odpowiedzi
Hint Odpowiedź % Poprawnych
100% Norwegia
99%
99% Finlandia
97%
1%< Polska
97%
1%< Rosja
93%
1%< Niemcy
91%
99% Estonia
90%
40% Łotwa
90%
100% Szwecja
81%
1%< Usa
54%
1%< Francja
44%
10% Ghana
15%
5% Togo
8%
100% Trynidad i Tobago
6%
Nie znaleziono quizów pasujących do podanych kryteriów
Rozkład punktacji
Procent ludzi z każdym wynikiem
Percentyl według liczby udzielonych odpowiedzi
Twoja historia wyników
Nie rozwiązałeś tego quizu